Statistics for Country scramble

Click here to take the quiz!

General Stats

  • This quiz has been taken 100 times
  • The average score is 13 of 20

Answer Stats

Word lengthLetters usedCountry% Correct
4AMNOOman
95%
6ACDNCanada
89%
6ACMNOMonaco
86%
7AEGILRAlgeria
85%
6ABILRZBrazil
84%
10AIJKNSTTajikistan
77%
10ADELNWZNew Zealand
76%
8ADHILNTThailand
75%
9AILRSTUAustralia
69%
10ACDGMRSMadagascar
69%
6AEILRSIsrael
64%
9AELINPSTPalestine
61%
9ACDEIMNOMacedonia
60%
14AEGINPUWPapua New Guinea
55%
11ABDIRSUSaudi Arabia
51%
20ABDEGHINORSVZBosnia and Herzegovina
47%
11ADEHLNRSTNetherlands
45%
12ADEINSTUUnited States
41%
9AEIMORSTEast Timor
38%
18ABDEIMNRSTUUnited Arab Emirates
38%

Score Distribution

Percentile by Number Answered

Percent of People with Each Score

Your Score History

You have not taken this quiz